Didáctica en la educación social: enseñar y aprender fuera de la escuela

Saved in:
書目詳細資料
主要作者: Parcerisa Aran, Artur (Author)
格式: 圖書
語言:西班牙语
出版: Barcelona Graó 2007
版:6a. ed
叢編:Acción Comunitarial, 135
主題:
標簽: 添加標簽
沒有標簽, 成為第一個標記此記錄!

MARC

LEADER 00000cam a2200000 a 4500
001 UCF6061
003 CL-VaPUC
008 130411e20070400SP |||||||||||||||||spa|d
020 |a 9788478272075 
082 0 4 |a 306.43  |b PAR  |2 21 
100 |a Parcerisa Aran, Artur  |e author  |9 594108 
245 1 0 |a Didáctica en la educación social: enseñar y aprender fuera de la escuela 
250 |a 6a. ed 
300 |a 151 p 
942 |c BK 
945 |d 20130411 00:00:00  |a dcastane 
260 |a Barcelona  |b Graó  |c 2007 
650 0 |a Sociología de la educación   |9 260380 
650 0 |a Sociología de la familia  |9 466693 
650 7 |a EDUCACION SOCIAL  |2 CL-VaPUC  |9 330279 
650 0 |a Psicoanálisis   |9 265702 
650 0 |a Trabajo social   |9 307856 
650 0 |a Dinámica de grupos   |9 259862 
583 |a last modification  |c 20130411 10:22:00  |k Rodrigo Vera 
490 0 |a Acción Comunitarial, 135 
999 |c 351410  |d 351408 
952 |0 0  |1 0  |4 0  |6 306_430000000000000_PAR_2007  |7 0  |8 A  |9 455497  |a BIBEDU  |b BIBEDU  |d 2019-11-22  |i 4961293  |o 306.43 PAR 2007  |p 4961293  |r 2019-11-22  |w 2019-11-22  |y BK  |k PSI